The phantom of the opera / (Record no. 8751)

MARC details
000 -LEADER
fixed length control field 01138nam a22002657a 4500
001 - CONTROL NUMBER
control field 8751
003 - CONTROL NUMBER IDENTIFIER
control field FISKH
005 - DATE AND TIME OF LATEST TRANSACTION
control field 20251017120953.0
008 - FIXED-LENGTH DATA ELEMENTS--GENERAL INFORMATION
fixed length control field 251016b cb ||||| |||| 00| 0 eng d
020 ## - INTERNATIONAL STANDARD BOOK NUMBER
International Standard Book Number 9780194789158
040 ## - CATALOGING SOURCE
Original cataloging agency FISKH
Language of cataloging eng
Transcribing agency FISKH
Modifying agency FISKH
050 ## - LIBRARY OF CONGRESS CALL NUMBER
Classification number PE1126.A4 B377
082 ## - DEWEY DECIMAL CLASSIFICATION NUMBER
Classification number 428
100 ## - MAIN ENTRY--PERSONAL NAME
Personal name Bassett, Jennifer
Relator term Author
245 ## - TITLE STATEMENT
Title The phantom of the opera /
Statement of responsibility, etc. Jennifer Bassett
260 ## - PUBLICATION, DISTRIBUTION, ETC.
Place of publication, distribution, etc. New York :
Name of publisher, distributor, etc. Oxford University ,
Date of publication, distribution, etc. 1993
300 ## - PHYSICAL DESCRIPTION
Extent 56 pages :
Other physical details illustrations ;
Dimensions 20 cm
505 ## - FORMATTED CONTENTS NOTE
Formatted contents note G<br/>
520 ## - SUMMARY, ETC.
Summary, etc. It is 1880, in the Opera House in Paris. Everybody is talking about the Phantom of the Opera, the ghost that lives somewhere under the Opera House. The Phantom is a man in black clothes. He is a body without a head, he is a head without a body. He has a yellow face, he has no nose, he has black holes for eyes. Everybody is afraid of the Phantom - the singers, the dancers, the directors, the stage workers . . . But who has actually seen him?
521 8# - TARGET AUDIENCE NOTE
Target audience note 450<br/>
Source Lexile<br/>
521 8# - TARGET AUDIENCE NOTE
Target audience note G<br/>
Source Raz-Plus<br/>
650 ## - SUBJECT ADDED ENTRY--TOPICAL TERM
Topical term or geographic name entry element Drama fiction
Form subdivision Elementary
942 ## - ADDED ENTRY ELEMENTS (KOHA)
Source of classification or shelving scheme Dewey Decimal Classification
Koha item type Books
Suppress in OPAC No
Holdings
Withdrawn status Lost status Source of classification or shelving scheme Damaged status Not for loan Home library Current library Shelving location Date acquired Total Checkouts Full call number Barcode Date last seen Copy number Price effective from Koha item type
    Dewey Decimal Classification     Footprints International School Library Network Toul Tom Poung Campus Footprints International School Library Network Toul Tom Poung Campus TTP Primary Dark Blue Bookshelves 10/16/2025   BAS 428 PE1126.A4 B377 2025-4649 10/16/2025 1 10/16/2025 Books